000 00420nam a2200181Ia 4500
008 210210b1951 xxu||||| |||| 00| 0 eng d
041 _aeng
082 _a443/6
100 _aRITCHIE (R L G)
245 _aCompanion to French studies
260 _aLondon
_bMethuen & Co. Ltd.
_c1951
650 _ato
650 _astudies
650 _aFrench
650 _aCompanion
690 _aDictionaries
906 _a006193
999 _c129213
_d129213